Top 100 Returning NCAA Basketball Players (2023) - Statistics

General Stats
  • This quiz has been taken 34 times
  • The average score is 27 of 100
Answer Stats
# Player School % Correct
1 Zach Edey Purdue
88%
2 Hunter Dickinson Kansas
65%
94 Keshad Johnson Arizona
62%
77 Kobe Johnson Stanford
62%
4 Ryan Kalkbrenner Creighton
62%
85 Xavier Johnson Indiana
62%
7 Armando Bacot North Carolina
58%
87 Braden Smith Purdue
58%
8 Tolu Smith Mississippi State
58%
5 Johni Broome Auburn
54%
45 Kam Jones Marquette
54%
76 RJ Davis North Carolina
54%
49 Spencer Jones Stanford
50%
51 Boo Buie Northwestern
46%
70 Dajuan Harris Kansas
46%
22 Donovan Clingan Connecticut
42%
24 Jahmir Young Maryland
42%
23 Tyler Kolek Marquette
42%
46 Tyson Walker Michigan State
42%
30 A.J. Hoggard Michigan State
38%
14 Eric Dixon Villanova
38%
50 Kel'el Ware Indiana
38%
28 KJ Adams Kansas
38%
20 Kyle Filipowski Duke
38%
41 PJ Hall Clemson
38%
57 Ryan Young Duke
38%
29 Terrance Shannon Illinois
38%
62 Trey Alexander Creighton
38%
16 Julian Reese Maryland
35%
3 N'Faly Dante Oregon
35%
10 Oumar Ballo Arizona
35%
27 Wade Taylor IV Texas A&M
35%
65 Baylor Scheierman Creighton
31%
52 Cam Spencer Connecticut
31%
53 Jaylin Williams Auburn
31%
95 Justin Moore Villanova
31%
47 Kevin McCullar Kansas
31%
74 KJ Simpson Colorado
31%
88 LJ Cryer Baylor
31%
86 Nijel Pack Miami
31%
13 Norchad Omier Miami
31%
31 Oso Ighodaro Marquette
31%
55 Adema Bona UCLA
27%
35 Boogie Ellis USC
27%
71 D.J. Burns Jr. NC State
27%
61 Isaiah Stevens Colorado State
27%
32 Makhi Mitchell Arkansas
27%
58 Payton Sandfort Iowa
27%
34 Steven Ashworth Creighton
27%
64 Tony Perkins Iowa
27%
91 Tre Mitchell Kentucky
27%
96 Zakai Zeigler Tennessee
27%
83 Dawson Garcia Minnesota
23%
93 Devin Carter Providence
23%
6 Jesse Edwards West Virginia
23%
37 J'Wan Roberts Houston
23%
36 Keisei Tominaga Nebraska
23%
98 Mark Sears Alabama
23%
48 Tristan Da Silva Colorado
23%
11 Zed Key Ohio State
23%
19 Anton Watson Gonzaga
19%
80 DaRon Holmes II Dayton
19%
68 Graham Ike Wyoming
19%
90 Hakim Hart Villanova
19%
18 Joel Soriano St. John's
19%
66 Kadary Richmond Seton Hall
19%
39 Steven Crowl Wisconsin
19%
44 Dylan Disu Texas
15%
75 Emanuel Miller TCU
15%
73 Jaedon LeDee San Diego State
15%
12 Zach Freemantle Xavier
15%
67 Braxton Meah Washington
12%
38 Clifford Omoruyi Rutgers
12%
21 Dain Dainja Illinois
12%
17 Jalen Bridges Baylor
12%
78 Olivier Nkamhoua Michigan
12%
100 Tyler Burton Villanova
12%
33 Tyrese Samuel Florida
12%
99 Alex Ducas Saint Mary's
8%
15 Branden Carlson Utah
8%
25 Jaelen House New Mexico
8%
43 Kadin Shedrick Texas
8%
9 Kalib Boone UNLV
8%
40 Moussa Cisse Ole Miss
8%
72 Nae'Qwan Tomlin Kansas State
8%
56 Viktor Lakhin Cincinnati
8%
63 Will Baker LSU
8%
89 Will Richard Florida
8%
84 Daniel Batcho Louisiana Tech
4%
92 Devion Harmon Texas Tech
4%
97 Ezra Manjon Vanderbilt
4%
26 Fousseyni Traore BYU
4%
81 Henry Coleman III Texas A&M
4%
82 Jaeden Zackery Boston College
4%
79 Jaemyn Brakefield Ole Miss
4%
42 JaKobe Coles TCU
4%
54 Mitchell Saxen Saint Mary's
4%
59 Qudus Wahab Penn State
4%
60 Tyrin Lawrence Vanderbilt
4%
69 Warren Washington Arizona State
4%
No matching quizzes found
Score Distribution
Percent of People with Each Score
Percentile by Number Answered
Your Score History
You have not taken this quiz